IT practices and its applications in business (Record no. 8690)
[ view plain ]
| 000 -LEADER | |
|---|---|
| fixed length control field | 00589cam a2200217ua 4500 |
| 008 - FIXED-LENGTH DATA ELEMENTS--GENERAL INFORMATION | |
| fixed length control field | 180331n ii |||gr||||Z||||||eng |
| 020 ## - INTERNATIONAL STANDARD BOOK NUMBER | |
| International Standard Book Number | 9789384303303 |
| 040 ## - CATALOGING SOURCE | |
| Transcribing agency | MAIN |
| 041 ## - LANGUAGE CODE | |
| -- | eng |
| 082 ## - DEWEY DECIMAL CLASSIFICATION NUMBER | |
| Classification number | 004 |
| 100 ## - MAIN ENTRY--PERSONAL NAME | |
| Personal name | Deka, Monoj Kr., |
| Relator term | |
| 245 ## - TITLE STATEMENT | |
| Title | IT practices and its applications in business |
| Statement of responsibility, etc. | by Monoj Kr. Deka |
| 250 ## - EDITION STATEMENT | |
| Edition statement | 1st ed. |
| 260 ## - PUBLICATION, DISTRIBUTION, ETC. | |
| Place of publication, distribution, etc. | Dibrugarh: |
| Name of publisher, distributor, etc. | Mahaveer publications, |
| Date of publication, distribution, etc. | 2015. |
| 300 ## - PHYSICAL DESCRIPTION | |
| Extent | 240p. |
| 700 ## - ADDED ENTRY--PERSONAL NAME | |
| Personal name | Hussain, Sadiq, |
| Relator term | |
| 942 ## - ADDED ENTRY ELEMENTS (KOHA) | |
| Koha item type | Books |
| 653 ## - INDEX TERM--UNCONTROLLED | |
| Uncontrolled term | Data processing & computer science |
| 653 ## - INDEX TERM--UNCONTROLLED | |
| Uncontrolled term | Information technology |
| Withdrawn status | Lost status | Damaged status | Not for loan | Home library | Current library | Shelving location | Date acquired | Total Checkouts | Full call number | Barcode | Date last seen | Copy number | Price effective from | Koha item type | Date last checked out |
|---|---|---|---|---|---|---|---|---|---|---|---|---|---|---|---|
| Central Library, Naharkatiya College | Central Library, Naharkatiya College | General Stacks | 19/09/2020 | 004 | DEK | 23210 | 19/09/2020 | 3 | 19/09/2020 | Books | ||||||
| Central Library, Naharkatiya College | Central Library, Naharkatiya College | General Stacks | 19/09/2020 | 1 | 004 | DEK | 23211 | 01/02/2023 | 2 | 19/09/2020 | Books | 18/01/2023 | ||||
| Central Library, Naharkatiya College | Central Library, Naharkatiya College | General Stacks | 19/09/2020 | 2 | 004 | DEK | 23212 | 31/03/2023 | 1 | 19/09/2020 | Books | 13/03/2023 | ||||
| Central Library, Naharkatiya College | Central Library, Naharkatiya College | General Stacks | 19/09/2020 | 2 | 004 | DEK | 25409 | 29/07/2022 | 4 | 19/09/2020 | Books | 21/06/2022 |
